000 00712nam a2200253Ia 4500
003 OSt
005 20220925214657.0
006 a|||||r|||| 00| 0
007 ta
008 220923b |||||||| |||| 00| 0 eng d
020 _a0861875842
037 _cGeneral Book
040 _aRTL
_cRTL
_beng
041 _2eng
_aeng
082 _aX:513:(D65,45), M7
100 _aJhally Sut
_9280912
245 0 _aCodes of advertising
_b Fetishism and political econ
260 _aLondon
_bFrancis Pinter
_c1987
300 _aix,225p
_ccm.
500 _aBibliography: p 206-221
650 _aAdvertising
942 _hX:513:(D65,45), M7
_cGB
_2CC
999 _c566216
_d566216